[Event "Moscow-ch"]
[Site "Moscow"]
[Date "1996.??.??"]
[Round "8"]
[White "Daschian, Nikolai V"]
[Black "Kodinets, Konstantin L"]
[Result "1/2-1/2"]
[WhiteElo "2415"]
[BlackElo "2340"]

1.d4 Nf6 2.c4 e6 3.Nf3 Bb4+ 4.Bd2 a5 5.Nc3 b6 6.e3 Bb7 7.Be2 O-O 8.Qc2 Bxc3
9.Bxc3 Ne4 10.O-O d6 11.b3 Nxc3 12.Qxc3 Nd7 13.a3 Qe7 14.b4 Ra7 15.Nd2 Rfa8
16.b5 e5 17.Bf3 Bxf3 18.Nxf3 Re8 19.dxe5 dxe5 20.Rfd1 f6 21.Rd5 Raa8 22.Rad1 Nc5
23.Nd2  1/2-1/2

[Event "JUG-chT"]
[Site "Niksic"]
[Date "1996.??.??"]
[Round "?"]
[White "Brkljaca, Ante"]
[Black "Mackic, Zoran"]
[Result "1/2-1/2"]
[WhiteElo "2320"]
[BlackElo "2440"]

1.d4 Nf6 2.Nf3 e6 3.c4 Bb4+ 4.Bd2 Qe7 5.Nc3 Bxc3 6.Bxc3 Ne4 7.Qc2 Nxc3 8.Qxc3 O-O
9.e3 b6 10.Be2 Bb7 11.O-O c5 12.Rfd1 d6 13.dxc5 dxc5 14.Rd2  1/2-1/2

[Event "JUG-chT"]
[Site "Niksic"]
[Date "1996.??.??"]
[Round "?"]
[White "Rabrenovic, Vladan"]
[Black "Vujovic, Milorad"]
[Result "1-0"]
[WhiteElo "2315"]
[BlackElo "2310"]

1.d4 Nf6 2.c4 e6 3.Nf3 Bb4+ 4.Bd2 Qe7 5.g3 a5 6.Bg2 Nc6 7.O-O Bxd2 8.Nbxd2 d6
9.e4 e5 10.d5 Nb8 11.Ne1 O-O 12.Nd3 g6 13.b3 Na6 14.a3 Nc5 15.Qc2 Nh5 16.Rae1 Bd7
17.Nxc5 dxc5 18.a4 Ng7 19.f4 f6 20.Qc3 b6 21.Rf2 Rae8 22.Ref1 Qd6 23.fxe5 Rxe5
24.Nf3 Rxe4 25.Ng5 Rd4 26.Ne4 Rxe4 27.Bxe4 f5 28.Bf3 Re8 29.Re1 Rxe1+ 30.Qxe1 Kf7
31.Qe3 h5 32.Re2 Ne8 33.Kg2 Nf6 34.Qg5 Bc8 35.h3 Bd7 36.Qh6 Qf8 37.Qf4 Qd6
38.Qh6 Qf8 39.Qg5 Qd6 40.Kf2 Bc8 41.Qh6 Bd7 42.Kg2 Bc8 43.Qe3 Bd7 44.Qg5 Nh7
45.Qd8 Nf6 46.Kf2 f4 47.gxf4 Bxh3 48.Qxd6 cxd6 49.Kg3 Bd7 50.Kh4 Ne8 51.Kg5 Ng7
52.Be4 Nf5 53.Bd3 Bc8 54.Rh2 Ne7 55.Bf1 Nf5 56.Bd3 Ne7 57.Rh1 Bd7 58.Re1 Nf5
59.Rh1 Ne7 60.Re1 Nf5 61.Rh1 Ne7 62.Bf1 Nf5 63.Bh3 Bc8 64.Bxf5 Bxf5 65.Rxh5 Kg7
66.Rh2 Bd3 67.Rd2 Bf5 68.Re2 Kf7 69.Re6 Bc2 70.Rxd6 Bxb3 71.Rxb6 Bxc4 72.Rc6  1-0

[Event "JUG-chT"]
[Site "Niksic"]
[Date "1996.??.??"]
[Round "?"]
[White "Vucicevic, Moma"]
[Black "Brkljaca, Ante"]
[Result "1/2-1/2"]
[WhiteElo "2380"]
[BlackElo "2320"]

1.d4 Nf6 2.c4 e6 3.Nf3 Bb4+ 4.Bd2 c5 5.Bxb4 cxb4 6.Nbd2 O-O 7.g3 b6 8.Bg2 Bb7
9.O-O d6 10.Qb3 a5 11.a3 Na6 12.Qd3 Qc7 13.Ne1 Bxg2 14.Nxg2 e5 15.Ne3 Rfe8
16.Ne4 Nxe4 17.Qxe4 exd4 18.Qxd4 Nc5 19.Rad1 bxa3 20.bxa3 Rad8 21.Rb1 Re4
22.Qc3 Qc6 23.Rfd1 h5 24.Nf5 f6 25.Qf3 Qc7 26.Qxh5 Rxc4 27.Qg6 Ne6 28.Ne3 Ra4
29.Qf5 Re8 30.Nd5 Qf7 31.e3 Rxa3 32.Nxb6 Ra2 33.h4 Nc5 34.Rd4 Qe6 35.Qxe6+ Rxe6
36.Nc4 Ne4 37.Rb2 Ra1+ 38.Kg2 a4 39.Rd3 f5 40.Rd5 g6 41.Rb7 Ra2 42.Ra5 Re8
43.Raa7 Nxf2  1/2-1/2

[Event "JUG-ch op"]
[Site "Nis"]
[Date "1996.??.??"]
[Round "2"]
[White "Ilincic, Zlatko"]
[Black "Raicevic, Ivica"]
[Result "1-0"]
[WhiteElo "2555"]
[BlackElo "2375"]

1.d4 e6 2.c4 Nf6 3.Nf3 Bb4+ 4.Bd2 a5 5.g3 b6 6.Bg2 O-O 7.O-O Ba6 8.Qc2 c6
9.Bg5 Be7 10.Nbd2 d5 11.Ne5 Nfd7 12.Bxe7 Qxe7 13.Nd3 Nf6 14.Rfe1 Rd8 15.Rad1 Nbd7
16.e4 Rac8 17.Nf4 dxc4 18.Nxc4 Bxc4 19.Qxc4 e5 20.Ne2 Qb4 21.Qc2 exd4 22.Nxd4 Ne5
23.a3 Qc5 24.Qxc5 bxc5 25.Nf5 Rb8 26.Rxd8+ Rxd8 27.f4 Nc4 28.Ne7+ Kf8 29.Nxc6 Rd2
30.Bf1 Nxb2 31.Nxa5 Na4 32.Nc4 Ra2 33.e5 Nd5 34.Rb1 g6 35.Rb8+ Kg7 36.Rb7 Kg8
37.e6 fxe6 38.Bh3 Ra1+ 39.Kf2 Ra2+ 40.Kf3 Kf8 41.Bxe6 Ne7 42.g4 Nc3 43.f5 Ncd5
44.Rd7 Nf6 45.Rd8+ Kg7 46.g5 gxf5 47.gxf6+ Kxf6 48.Rd6 Ng6 49.Bc8+ Kg5 50.Rd2 Ra1
51.Bd7 Rc1 52.Bb5 Rc3+ 53.Ke2 Nf4+ 54.Kd1 Ne6 55.Rg2+ Kf6 56.Rg3 Rxg3 57.hxg3 Ke7
58.a4 h5 59.Ne3 Nd4 60.Bd3 f4 61.Nd5+  1-0

[Event "NOR-ch"]
[Site "NOR"]
[Date "1996.??.??"]
[Round "9"]
[White "Johannessen, Leif Erlend"]
[Black "Gausel, Einar"]
[Result "0-1"]
[WhiteElo "2345"]
[BlackElo "2520"]

1.d4 Nf6 2.c4 e6 3.Nf3 Bb4+ 4.Bd2 a5 5.g3 d5 6.a3 Be7 7.Bc3 O-O 8.Nbd2 a4
9.Bg2 Nbd7 10.O-O b6 11.Re1 Bb7 12.Qc2 dxc4 13.Nxc4 Be4 14.Qc1 c5 15.Ncd2 Bb7
16.Qc2 Qb8 17.dxc5 Bxc5 18.Ng5 Bxg2 19.Kxg2 Qb7+ 20.Kg1 Rfc8 21.Nge4 Be7
22.Qd3 Nd5 23.Bd4 e5 24.Be3 f5 25.Nc3 Nxc3 26.bxc3 e4 27.Qb5 Ra5 28.Qb2 Qd5
29.c4 Qe6 30.Rab1 Rc6 31.Bd4 Qh6 32.Qa2 Qe6 33.Qb2 Bf8 34.Qc3 Ra6 35.Rb5 Nc5
36.Reb1 Qh6 37.Be3 Qe6 38.Bd4 f4 39.Kh1 e3 40.Nf3 Ne4 41.Qc2 Rxc4 42.Re5 Nxf2+
43.Kg1 Rxc2 44.Rxe6 Rxe2 45.gxf4 Nh3+ 46.Kh1 Nxf4 47.Re8 Kf7 48.Re5 Bd6 49.Rf5+ Ke6  0-1

[Event "Oberwart op"]
[Site "Oberwart"]
[Date "1996.??.??"]
[Round "4"]
[White "Wohlmann, Erich"]
[Black "Loginov, Valery A"]
[Result "1/2-1/2"]
[WhiteElo "2210"]
[BlackElo "2525"]

1.d4 Nf6 2.c4 e6 3.Nf3 Bb4+ 4.Bd2 Bxd2+ 5.Qxd2 d6 6.Nc3 O-O 7.g3 b6 8.Bg2 Bb7
9.O-O Nbd7 10.Rfd1 e5 11.dxe5 dxe5 12.Nxe5 Nxe5 13.Bxb7 Qxd2 14.Rxd2 Nxc4
15.Bxa8 Nxd2 16.Bd5 Re8 17.Rd1 Nxd5 18.Nxd5 Nc4 19.Nxc7 Ne5  1/2-1/2

[Event "Oberwart op"]
[Site "Oberwart"]
[Date "1996.??.??"]
[Round "6"]
[White "Fassl, Erich"]
[Black "Hinterberger, Werner"]
[Result "1/2-1/2"]
[WhiteElo "2220"]
[BlackElo "2110"]

1.d4 Nf6 2.c4 e6 3.Nf3 Bb4+ 4.Bd2 Qe7 5.g3 O-O 6.Bg2 Nc6 7.O-O Bxd2 8.Qxd2 d6
9.Nc3 e5 10.d5 Nb8 11.e4 a5 12.Ne1 Na6 13.Nd3 Nc5 14.Nxc5 dxc5 15.f4 Ne8
16.Qf2 b6 17.b3 Nd6 18.Rae1 Bd7 19.a4 f6 20.f5 g5 21.Qe2  1/2-1/2

[Event "RUS-Cup3"]
[Site "Omsk"]
[Date "1996.??.??"]
[Round "2"]
[White "Fominyh, Alexander"]
[Black "Tikzhanov, Erlam"]
[Result "0-1"]
[WhiteElo "2535"]
[BlackElo "2265"]

1.d4 Nf6 2.Nf3 e6 3.c4 Bb4+ 4.Bd2 Qe7 5.g3 Nc6 6.Nc3 d5 7.Bg2 dxc4 8.O-O O-O
9.Bg5 h6 10.Bxf6 Qxf6 11.e3 Rd8 12.Nd2 e5 13.Nxc4 exd4 14.Nd5 Rxd5 15.Bxd5 Bh3
16.Bg2 Bxg2 17.Kxg2 b5 18.Nd2 dxe3 19.Nf3 Re8 20.Qe2 Re6 21.fxe3 a6 22.Rad1 Qe7
23.Qc2 Na5 24.b3 Rxe3 25.Rf2 c5 26.Qf5 Re6 27.Rd5 Nc6 28.Qd3 Re3 29.Qf5 Re6
30.Rd1 Bc3 31.Qd5 Nd4 32.Rd3 b4 33.h4 Re2 34.Ng1 Re5 35.Qa8+ Kh7 36.Kh2 Nf5
37.Qd8 Qe6 38.Qd7 Qg6 39.Rdf3 Ne3 40.Kh1 f6 41.Rxf6 Qe4+ 42.R6f3 Rd5 43.Qb7 Be1
44.Re2 Bxg3 45.Rxe3 Qxh4+ 46.Kg2 Qh2+ 47.Kf1 Rd1+  0-1

[Event "RUS-Cup3"]
[Site "Omsk"]
[Date "1996.??.??"]
[Round "5"]
[White "Yarovik, Yuri"]
[Black "Khasin, Alexander"]
[Result "1-0"]
[WhiteElo "2375"]
[BlackElo "2530"]

1.d4 Nf6 2.c4 e6 3.Nf3 Bb4+ 4.Bd2 Qe7 5.Nc3 b6 6.g3 Bb7 7.Bg2 O-O 8.O-O d6
9.d5 e5 10.Nh4 g6 11.a3 Bxc3 12.Bxc3 c6 13.Qd2 cxd5 14.cxd5 Re8 15.f4 Nbd7
16.b4 Rac8 17.f5 Rc4 18.Bb2 Rec8 19.Rac1 b5 20.fxg6 fxg6 21.Qg5 Qg7 22.Bh3 Bxd5
23.Rxc4 Rxc4 24.Bxd7 Nxd7 25.Qd8+ Nf8 26.Qxd6  1-0

[Event "ESP-chT"]
[Site "Oropesa del Mar"]
[Date "1996.??.??"]
[Round "2"]
[White "Lopez Colon, Francisco"]
[Black "Vehi Bach, Victor Manuel"]
[Result "1/2-1/2"]
[WhiteElo "2250"]
[BlackElo "2365"]

1.d4 Nf6 2.c4 e6 3.Nf3 Bb4+ 4.Bd2 Qe7 5.a3 Bxd2+ 6.Nbxd2 d6 7.e4 e5 8.d5 a5
9.b4 O-O 10.g3 c6 11.Bg2 cxd5 12.cxd5 Bd7 13.O-O axb4 14.axb4 Rxa1 15.Qxa1 Na6
16.Rb1 Bb5 17.Bf1 Bxf1 18.Kxf1 Qd7 19.Qa5 Rc8 20.Kg2 g6 21.Ne1 h5 22.h4 Kf8
23.Ra1 Ke7 24.f3  1/2-1/2

[Event "ESP-chT"]
[Site "Oropesa del Mar"]
[Date "1996.??.??"]
[Round "9"]
[White "Garcia Padron, Jose"]
[Black "Ballester Sanz, Joaquin"]
[Result "1-0"]
[WhiteElo "2440"]
[BlackElo "2195"]

1.d4 Nf6 2.Nf3 e6 3.c4 Bb4+ 4.Bd2 c5 5.Bxb4 cxb4 6.g3 b6 7.Bg2 Bb7 8.O-O O-O
9.Nbd2 Qe7 10.Re1 d6 11.e4 e5 12.a3 bxa3 13.Rxa3 Nc6 14.d5 Nb4 15.Nh4 g6
16.Nf1 Nd7 17.Ne3 Kh8 18.Nc2 Nxc2 19.Qxc2 a5 20.Qd2 Rfc8 21.Bf1 Nc5 22.Ng2 Kg7
23.f4 f6 24.h4 a4 25.f5 Nb3 26.Qf2 Nd4 27.Ne3 Kh8 28.Bh3 Rc7 29.fxg6 hxg6
30.Rea1 Nb3 31.Rf1 Nc5 32.Qxf6+ Qxf6 33.Rxf6 Kg7 34.Rxd6 b5 35.cxb5 Nxe4
36.Rd7+ Rxd7 37.Bxd7 Nd6 38.Bc6 Ra5 39.Rc3  1-0

[Event "St Petersburg-Paris"]
[Site "Paris"]
[Date "1996.??.??"]
[Round "3"]
[White "Wagner, Claude"]
[Black "Lugovoi, Aleksei"]
[Result "0-1"]
[WhiteElo "2420"]
[BlackElo "2470"]

1.d4 Nf6 2.c4 e6 3.Nf3 Bb4+ 4.Bd2 Qe7 5.g3 Nc6 6.Nc3 Bxc3 7.Bxc3 Ne4 8.Qc2 Nxc3
9.Qxc3 O-O 10.Bg2 d6 11.O-O e5 12.d5 Nd8 13.e4 b6 14.Nd2 a5 15.f4 f6 16.b3 Bd7
17.a3 Nb7 18.b4 g5 19.f5 g4 20.Kf2 Qg7 21.Rh1 Kf7 22.h3 h5 23.hxg4 hxg4 24.Nf1 Rh8
25.Rxh8 Rxh8 26.Ne3 Ke7 27.Rh1 Rxh1 28.Bxh1 Qg8 29.Bg2 Be8 30.Bf1 Bh5 31.Be2 axb4
32.axb4 Qa8 33.Qb2 Nd8 34.c5 bxc5 35.bxc5 Nb7 36.cxd6+ Nxd6 37.Qc2 Qa7 38.Bd3 Be8
39.Ke2 Qb6 40.Qb1 Qa5 41.Qc2 Qb6 42.Qb1 Qd4 43.Qb8 Qc5 44.Kd2 Bb5 45.Bxb5 Nxb5
46.Nc2 Nd6 47.Qg8 Nxe4+ 48.Kc1 Ng5 49.Qg7+ Nf7 50.Qxg4 Qxd5 51.Ne3 Qc5+ 52.Kd2 Ng5
53.Qa4 Nf3+ 54.Kd3 Qd6+ 55.Ke2 Nd4+ 56.Kf2 Qc5 57.g4 c6 58.Qa8 Qb4 59.Qa7+ Kf8
60.Qa2 Kg7 61.Kf1 Qb5+ 62.Kf2 Qb4 63.Kf1 Qb3 64.Qa7+ Kh6 65.Kf2 Qb2+ 66.Kg3 Qc3
67.g5+ fxg5  0-1

[Event "ARG-ch"]
[Site "Pena City"]
[Date "1996.??.??"]
[Round "7"]
[White "Pereyra Arcija, Diego"]
[Black "Dorin, Mauricio"]
[Result "1-0"]
[WhiteElo "2420"]
[BlackElo "2290"]

1.d4 Nf6 2.Nf3 e6 3.c4 Bb4+ 4.Bd2 Qe7 5.g3 b6 6.Bg2 Bb7 7.O-O Bxd2 8.Qxd2 d6
9.Nc3 O-O 10.Qc2 c5 11.e4 cxd4 12.Nxd4 Rc8 13.Qe2 Nc6 14.Nc2 a6 15.Rac1 Ne5
16.Ne3 b5 17.cxb5 axb5 18.f4 Ned7 19.b4 Qd8 20.Rfe1 Ra3 21.Qb2 Rca8 22.Nxb5 Rxa2
23.Qd4 e5 24.Qxd6 Ne8 25.Qd1 exf4 26.gxf4 Qh4 27.Nc3 Qf2+ 28.Kh1 Rd2 29.Qf3 Ndf6
30.Qxf2 Rxf2 31.Rf1 Rb2 32.Rb1 Rd2 33.Rbd1 Rb2 34.Rd4 h5 35.Ned1 Rc2 36.Rf2 Rc1
37.e5 Bxg2+ 38.Kxg2 Ng4 39.Rfd2 Kh7 40.Rd7 Nh6 41.b5 Nf5 42.Kf2 Rc8 43.b6 R1xc3
44.Nxc3 Rxc3 45.Rb2 Rc8 46.b7 Rb8 47.Ra2 Nfd6 48.exd6  1-0

[Event "SVK-CRO"]
[Site "Piestany"]
[Date "1996.??.??"]
[Round "?"]
[White "Stohl, Igor"]
[Black "Hulak, Krunoslav"]
[Result "1/2-1/2"]
[WhiteElo "2515"]
[BlackElo "2545"]

1.d4 Nf6 2.c4 e6 3.Nf3 Bb4+ 4.Bd2 c5 5.g3 Bxd2+ 6.Qxd2 Ne4 7.Qd3 Qa5+ 8.Nfd2 Nxd2
9.Nxd2 cxd4 10.Qxd4 O-O 11.Bg2 Nc6 12.Qd3 Ne5 13.Qc2 Rb8 14.O-O Qc7 15.Rac1 b6
16.Rfd1 f5  1/2-1/2

[Event "GER-ch U17"]
[Site "Pinneberg"]
[Date "1996.??.??"]
[Round "7"]
[White "Keller, Thomas"]
[Black "Gustafsson, Jan"]
[Result "1/2-1/2"]
[WhiteElo "2155"]
[BlackElo "2340"]

1.d4 Nf6 2.Nf3 e6 3.c4 Bb4+ 4.Bd2 Qe7 5.g3 Nc6 6.Bg2 Bxd2+ 7.Nbxd2 d6 8.O-O a5
9.e4 e5 10.d5 Nb8 11.Ne1 O-O 12.Nd3 Na6 13.f4 Nd7 14.Qc2 Ndc5 15.Nxc5 Nxc5
16.Nb3 b6 17.Nxc5 bxc5 18.Qc3 Re8 19.f5 f6 20.a4 Bd7 21.b3 Reb8 22.Qe3 Rb4
23.Rac1 Rf8 24.Rc3 Rbb8  1/2-1/2

[Event "JUG-ch Podgorica"]
[Site "Podgorica"]
[Date "1996.??.??"]
[Round "7"]
[White "Ilincic, Zlatko"]
[Black "Ivanovic, Bozidar"]
[Result "0-1"]
[WhiteElo "2555"]
[BlackElo "2500"]

1.d4 Nf6 2.c4 e6 3.Nf3 Bb4+ 4.Bd2 Qe7 5.g3 Nc6 6.Bg2 Bxd2+ 7.Nbxd2 d6 8.O-O O-O
9.e4 e5 10.d5 Nb8 11.b4 a5 12.a3 Bg4 13.Qb3 Bxf3 14.Qxf3 Nbd7 15.Qc3 axb4
16.axb4 Rfb8 17.Rfc1 c5 18.dxc6 bxc6 19.Nb3 Rxa1 20.Rxa1 Nf8 21.c5 Ne6 22.f4 dxc5
23.Qxe5 Nd7 24.Qc3 Rxb4 25.Ra8+ Ndf8 26.Nd2 Qb7 27.Ra1 Qd7 28.Nf3 Qb7 29.Nd2 Rb2
30.e5 Nd4 31.Qd3 Qb5 32.Nc4 Rc2 33.Bf1 Qxc4  0-1

[Event "Polanica Zdroj op"]
[Site "Polanica Zdroj"]
[Date "1996.??.??"]
[Round "5"]
[White "Murdzia, Piotr"]
[Black "Szczechowicz, Bartosz"]
[Result "1-0"]
[WhiteElo "2375"]
[BlackElo "2125"]

1.d4 Nf6 2.c4 e6 3.Nf3 Bb4+ 4.Bd2 Qe7 5.g3 Nc6 6.Bg2 Bxd2+ 7.Nbxd2 d6 8.O-O O-O
9.e4 e5 10.d5 Nb8 11.Ne1 Bg4 12.f3 Bd7 13.Nd3 c6 14.Kh1 cxd5 15.cxd5 Bb5
16.Qb3 Bxd3 17.Qxd3 Na6 18.Qa3 Nd7 19.Nc4 Nac5 20.b4 Na6 21.Na5 Nb6 22.Qb3 f5
23.exf5 Rxf5 24.Rac1 Kh8 25.a3 Raf8 26.Rfd1 Qf7 27.Kg1 Rf6 28.Nc4 Qd7 29.Nxb6 axb6
30.Qe3 Qb5 31.Bf1 Qa4 32.Rd3 Qd7 33.Qxb6 Qf7 34.Bh3 h6 35.Be6 Qg6 36.Qe3 h5
37.Qe4 Qg5 38.Rc2 Rf4 39.Qe2 h4 40.Kg2 hxg3 41.hxg3 g6 42.Qe3 Kg7 43.Rdc3 Rh8
44.Qb6 Rf7 45.Bxf7 Qh5 46.Qg1 Kxf7 47.Rc4 Qh3+ 48.Kf2 Qf5 49.Re4 Kg7 50.g4 Qf7
51.Rec4 Rf8 52.Qd1 Qf6 53.Kg2 Rh8 54.Rc7+ Nxc7 55.Rxc7+ Kf8  1-0

[Event "Polanica Zdroj op"]
[Site "Polanica Zdroj"]
[Date "1996.??.??"]
[Round "10"]
[White "Pyda, Zbigniew"]
[Black "Szczechowicz, Bartosz"]
[Result "1-0"]
[WhiteElo "2305"]
[BlackElo "2125"]

1.d4 Nf6 2.c4 e6 3.Nf3 Bb4+ 4.Bd2 Qe7 5.Nc3 Bxc3 6.Bxc3 Ne4 7.Qc2 Nxc3 8.Qxc3 d6
9.g3 Nd7 10.Bh3 O-O 11.O-O b6 12.e4 Bb7 13.Rfe1 Rfe8 14.Rad1 Nf8 15.b3 Ng6
16.Bg2 Rad8 17.h4 e5 18.h5 Nf8 19.dxe5 dxe5 20.Rxd8 Qxd8 21.Bh3 f6 22.h6 g6
23.c5 Kh8 24.Qc4 Qe7 25.c6 Bc8 26.Bxc8 Rxc8 27.Rd1 a5 28.Kg2 Qe6 29.Qc3 Qe8
30.Rd5 Kg8 31.a3 Ne6 32.Qc4 Kh8 33.Rd7 Nc5 34.Rd5 Ne6 35.b4 axb4 36.axb4 Nd8
37.Rd7 Ne6 38.Qd5 Nd8 39.b5 Qg8 40.Rg7 Qe6 41.Nxe5  1-0

[Event "Policka op"]
[Site "Policka"]
[Date "1996.??.??"]
[Round "5"]
[White "Taus, Martin"]
[Black "Ivanov, Timur"]
[Result "0-1"]
[WhiteElo "2150"]
[BlackElo "2370"]

1.d4 Nf6 2.c4 e6 3.Nf3 Bb4+ 4.Bd2 Qe7 5.g3 Nc6 6.Bg2 Bxd2+ 7.Qxd2 Ne4 8.Qc2 Qb4+
9.Kf1 d5 10.a3 Qxc4 11.Qxc4 dxc4 12.Ne5 Nxe5 13.Bxe4 Nd7 14.Nd2 e5 15.dxe5 c3
16.bxc3 Nxe5 17.f4 Nd7 18.Nb3 Rb8 19.Kf2 Ke7 20.Rab1 Nf6 21.Bf3 b6 22.Nd4 Bd7
23.e4 c5 24.e5 cxd4 25.exf6+ Kxf6 26.cxd4 Ke7 27.Rhe1+ Kd6 28.Re5 Be6 29.f5 Bc4
30.Rb4 Rhc8 31.f6 gxf6 32.Rf5 Be6 33.Rxf6 Rc2+ 34.Kg1 Rbc8 35.Rb1 Ke7 36.Rh6 R8c3
37.Be4 Re2 38.Bxh7 Rxa3 39.Rc1 Raa2 40.Bb1 Ra1 41.Rf1 Bd5  0-1

[Event "Porto San Giorgio op"]
[Site "Porto San Giorgio"]
[Date "1996.??.??"]
[Round "?"]
[White "Komarov, Dimitri"]
[Black "Sebastianelli, Diego"]
[Result "1-0"]
[WhiteElo "2530"]
[BlackElo "2305"]

1.d4 Nf6 2.Nf3 e6 3.c4 Bb4+ 4.Bd2 Qe7 5.g3 O-O 6.Bg2 Bxd2+ 7.Qxd2 d6 8.Nc3 e5
9.O-O Nc6 10.d5 Nb8 11.b4 a5 12.a3 axb4 13.axb4 Rxa1 14.Rxa1 Na6 15.Rb1 Bf5
16.Rb2 e4 17.Nd4 Bd7 18.Qf4 Re8 19.Nc2 g6 20.h3 Kg7 21.Ne3 h6 22.g4 Qe5 23.Qxe5 Rxe5
24.Nc2 h5 25.f4 exf3 26.exf3 g5 27.Kf2 Nh7 28.Ne1 f5 29.Nd3 Re8 30.b5 Nb8
31.b6 c6 32.dxc6 Bxc6 33.gxf5 Na6 34.Ne4 d5 35.cxd5 Bxd5 36.Rd2 Bc6 37.Nd6 Re7
38.f4 Bxg2 39.Kxg2 Kf6 40.Kf3 Nf8 41.fxg5+ Kxg5 42.Rg2+ Kh6 43.f6  1-0

[Event "Pula op"]
[Site "Pula"]
[Date "1996.??.??"]
[Round "?"]
[White "Cvitan, Ognjen"]
[Black "Kovacevic, Vlatko"]
[Result "1-0"]
[WhiteElo "2540"]
[BlackElo "2445"]

1.d4 Nf6 2.Nf3 e6 3.c4 Bb4+ 4.Bd2 Qe7 5.g3 O-O 6.Bg2 Bxd2+ 7.Qxd2 d6 8.Nc3 e5
9.O-O Re8 10.e4 Bg4 11.Ne1 Nc6 12.Nc2 Nxd4 13.Nxd4 exd4 14.Qxd4 Qe5 15.Qd2 Qh5
16.f3 Bh3 17.Rac1 Re7 18.g4 Qc5+ 19.Qf2 Qxf2+ 20.Rxf2 Bxg2 21.Kxg2 c6 22.Rd2 Ne8
23.h4 h5 24.g5 a5 25.Na4 Ra6 26.Rcd1 Kh7 27.Kg3 Kg6 28.c5 dxc5 29.Nxc5 Ra7
30.Rd8 f6 31.f4 fxg5 32.fxg5 b6 33.Nd7 Rxe4 34.Rf1 Kh7 35.Rf7 Rc7 36.Nf6+ Nxf6
37.Rxc7 Rg4+ 38.Kf3 Nd5 39.Rxc6 Nb4 40.g6+  1-0

[Event "CRO-Cup"]
[Site "Pula"]
[Date "1996.??.??"]
[Round "?"]
[White "Horvath, Csaba"]
[Black "Dizdarevic, Emir"]
[Result "1/2-1/2"]
[WhiteElo "2540"]
[BlackElo "2495"]

1.d4 Nf6 2.c4 e6 3.Nf3 Bb4+ 4.Bd2 Qe7 5.g3 O-O 6.Bg2 Bxd2+ 7.Qxd2 d6 8.Nc3 e5
9.O-O Re8 10.e4 Bg4 11.Ne1 Nc6 12.Nc2 exd4 13.Nxd4 Ne5 14.Nd5 Qd8 15.f3 Bd7
16.Ne3 a6 17.Rac1 Rb8 18.b3 Nc6 19.Ne2 Ne7 20.Rfd1 Bc6 21.Nd4 Nd7 22.Qb2 b6
23.Nxc6 Nxc6 24.f4 Ne7 25.e5 Nf8 26.f5 Qc8 27.exd6 cxd6 28.Rxd6 Nxf5 29.Rc6 Qd7
30.Nxf5 Qxf5 31.Rf1 Qd7 32.Bd5 Re7 33.Qf2 Qa7 34.c5 bxc5 35.Qxc5 Qxc5+ 36.Rxc5 Rb6
37.Bc4 g6 38.Ra5 Ra7 39.Re1 Kg7 40.Re8 Ne6 41.Bxe6 fxe6 42.Kf2 Rb5 43.Ra4 Re5
44.Rc8 g5 45.Rc2 Rf7+ 46.Kg2 a5 47.h4 Kg6 48.hxg5 Kxg5 49.Rac4 h5 50.Rc5  1/2-1/2

[Event "CRO-ch"]
[Site "Pula"]
[Date "1996.??.??"]
[Round "?"]
[White "Kovacevic, Blazimir"]
[Black "Zelcic, Robert"]
[Result "0-1"]
[WhiteElo "2300"]
[BlackElo "2495"]

1.d4 Nf6 2.Nf3 e6 3.c4 Bb4+ 4.Bd2 Qe7 5.g3 b6 6.Bg2 Bb7 7.O-O Bxd2 8.Qxd2 O-O
9.Nc3 d5 10.Ne5 Na6 11.cxd5 exd5 12.Nd3 Rfd8 13.Nf4 c5 14.Rad1 Nc7 15.dxc5 bxc5
16.Na4 Nb5 17.Qa5 a6 18.Nc3 d4 19.Bxb7 Qxb7 20.Na4 c4 21.Rc1 g5 22.Ng2 d3
23.e3 Rd6 24.Rxc4 d2 25.Rd4 Nxd4 26.Qxg5+ Kh8 27.exd4 Qb4 28.b3 Qxd4 29.Ne3 Rg8
30.Qc5 Qxc5 31.Nxc5 Ng4 32.Nd1 Re8 33.f3 Ne3 34.Ne4 Nxf1 35.Kxf1 Rc6 36.g4 Rc2
37.a3 Rb8 38.b4 Ra2  0-1

[Event "ISL-chT"]
[Site "Reykjavik"]
[Date "1996.??.??"]
[Round "?"]
[White "Danielsen, Henrik"]
[Black "Bjornsson, Tomas"]
[Result "1-0"]
[WhiteElo "2485"]
[BlackElo "2240"]

1.d4 Nf6 2.Nf3 e6 3.c4 Bb4+ 4.Bd2 Bxd2+ 5.Qxd2 d6 6.Nc3 Nbd7 7.g3 O-O 8.Bg2 e5
9.O-O a6 10.Rad1 Qe7 11.a3 Rb8 12.dxe5 Nxe5 13.Nd5 Nxf3+ 14.Bxf3 Nxd5 15.cxd5 Bh3
16.Rfe1 Rfe8 17.Rc1 Rec8 18.Rc3 Bd7 19.Rec1 Bf5 20.Qf4 Qe5 21.Rxc7 Qxf4 22.gxf4 Re8
23.Kg2 h6 24.h4 Kf8 25.Kg3 Re7 26.Rxe7 Kxe7 27.Rc7+ Ke8 28.e4 Bd7 29.e5 Kd8
30.exd6 f5 31.Bh5 b5 32.Ra7 b4 33.axb4 Rxb4 34.Ra8+ Bc8 35.Bf7 Rxb2 36.Be6 Rc2
37.d7  1-0

[Event "ISL-ISR"]
[Site "Reykjavik"]
[Date "1996.??.??"]
[Round "2"]
[White "Gretarsson, Helgi Ass"]
[Black "Kosashvili, Yona"]
[Result "1-0"]
[WhiteElo "2450"]
[BlackElo "2580"]

1.d4 Nf6 2.c4 e6 3.Nf3 Bb4+ 4.Bd2 c5 5.a3 Bxd2+ 6.Qxd2 cxd4 7.Nxd4 O-O 8.Nc3 d5
9.e3 a6 10.cxd5 Nxd5 11.Bd3 Nxc3 12.Qxc3 b5 13.Be4 Ra7 14.Rc1 e5 15.Nf3 f6
16.Qc5 Re7 17.O-O Nd7 18.Qc2 g6 19.Rfd1 Kg7 20.h4 Qe8 21.Qc7 f5 22.Bc6 Kh6
23.a4 b4 24.Qd6 b3 25.a5 Qf7 26.Bxd7 Rxd7 27.Nxe5  1-0

[Event "Hellir CC-ch"]
[Site "Reykjavik"]
[Date "1996.??.??"]
[Round "7"]
[White "Thorfinnsson, Bjorn"]
[Black "Vidarsson, Jon G"]
[Result "1/2-1/2"]
[WhiteElo "2060"]
[BlackElo "2340"]

1.d4 Nf6 2.c4 e6 3.Nf3 Bb4+ 4.Bd2 Qe7 5.e3 O-O 6.Bd3 Bxd2+ 7.Nbxd2 d6 8.Qc2 e5
9.O-O-O Nc6 10.a3 Re8 11.Bf5 e4 12.Bxc8 Raxc8 13.Ng1 d5 14.c5 b6 15.b4 a5
16.Qa4 Na7 17.Ne2 axb4 18.axb4 bxc5 19.Qxa7 cxd4 20.Qc5 dxe3 21.fxe3 Ng4
22.Nf4 Qxc5+ 23.bxc5 Nxe3 24.Rde1 d4 25.Nb3 Nf5 26.g4 Rb8 27.Kc2 d3+ 28.Kc3 Nh4
29.Re3 f5 30.h3 g6 31.Nd4 Kf7 32.gxf5 Nxf5 33.Nxf5 gxf5 34.Rf1 Red8 35.Nxd3 exd3
36.Rxf5+ Kg6 37.Rf2 Rb1 38.Rg3+ Kh5 39.Rf5+ Kh4 40.Rxd3 Rxd3+ 41.Kxd3  1/2-1/2

[Event "EU-ch U18"]
[Site "Rimavska Sobota"]
[Date "1996.??.??"]
[Round "1"]
[White "Cvek, Robert"]
[Black "Vaklinov, Atanas"]
[Result "1/2-1/2"]
[WhiteElo "2290"]
[BlackElo "2035"]

1.d4 Nf6 2.c4 e6 3.Nf3 Bb4+ 4.Bd2 Qe7 5.g3 O-O 6.Bg2 Bxd2+ 7.Qxd2 d6 8.Nc3 e5
9.O-O Re8 10.e4 Bg4 11.d5 Bxf3 12.Bxf3 a5 13.a3 Na6 14.Qc2 c6 15.Bg2 g6 16.f4 Kg7
17.Rae1 Nc5 18.f5 a4 19.h4 Rf8 20.Bh3 h5 21.Rf2 Qc7 22.Qd2 Rae8 23.Kg2 Qe7
24.Qe2 Rh8 25.Ref1 Ref8 26.Qc2 Qc7 27.Qe2 Qe7 28.Kg1 Rh6 29.Qe3 Qd8 30.Rd1 Qe7
31.Qe2 Rd8 32.Qc2 Rhh8 33.Rdf1 Rdf8 34.Bg2 Qc7 35.Bf3 Qb6 36.Kh1 Qb3 37.Qe2 Qb6
38.Qe3 Ncd7 39.Qd2 Nc5 40.Qg5 Qc7 41.Qe3 Ra8 42.Bd1 Rhf8 43.Rh2 Rh8 44.Rg1 Rh6
45.Rf1 Rhh8 46.Rhf2 Raf8 47.Bf3 Qd8 48.Re2 Qc7 49.Bg2 Qd8 50.Bh3 Qe7 51.Ref2 Qd8
52.Kg2 Rhg8 53.Rd1 Qe7 54.Qg5 Qd8 55.Re2 cxd5 56.cxd5 Nh7 57.Qe3 g5 58.hxg5 Qxg5
59.Nb5 Qf6 60.Kf2  1/2-1/2

[Event "Santa Clara"]
[Site "Santa Clara"]
[Date "1996.??.??"]
[Round "1"]
[White "Matamoros Franco, Carlos S"]
[Black "Garcia, Gildardo"]
[Result "1-0"]
[WhiteElo "2430"]
[BlackElo "2525"]

1.d4 Nf6 2.c4 e6 3.Nf3 Bb4+ 4.Bd2 Qe7 5.g3 Nc6 6.Nc3 Bxc3 7.Bxc3 Ne4 8.Rc1 d6
9.d5 Nxc3 10.Rxc3 Nd8 11.Bg2 O-O 12.dxe6 Nxe6 13.O-O a5 14.Nd4 Nc5 15.Re3 Qd8
16.Nb5 Bd7 17.Nc3 Bc6 18.Nd5 Bxd5 19.cxd5 Re8 20.Rc3 b5 21.Qd2 f5 22.Rfc1 Qf6
23.e3 Rab8 24.h4 Re7 25.b3 b4 26.Rxc5 dxc5 27.Rxc5 f4 28.gxf4 Qxh4 29.d6 cxd6
30.Qxd6 Rbe8 31.Rxa5 Rxe3 32.Qd5+ Kh8 33.fxe3 Qe1+ 34.Kh2 Qh4+ 35.Bh3 Qf2+
36.Qg2 Qxe3 37.Qg5 Qd2+ 38.Bg2 g6 39.Ra7  1-0

[Event "Sas van Gent"]
[Site "Sas van Gent"]
[Date "1996.??.??"]
[Round "5"]
[White "Goormachtigh, Johan"]
[Black "Martens, Martin"]
[Result "1/2-1/2"]
[WhiteElo "2305"]
[BlackElo "2405"]

1.d4 Nf6 2.c4 e6 3.Nf3 Bb4+ 4.Bd2 Qe7 5.g3 Nc6 6.Nc3 Bxc3 7.Bxc3 Ne4 8.Rc1 O-O
9.Bg2 Nxc3 10.Rxc3 d6 11.O-O e5 12.d5 Nb8 13.Qc2 Nd7 14.b4 a5 15.a3 Nf6 16.Nd2 Bg4  1/2-1/2

[Event "DLM U20 Girls"]
[Site "Schoeneck"]
[Date "1996.??.??"]
[Round "3"]
[White "Schuster, Birgit"]
[Black "Niessen, Helga"]
[Result "1/2-1/2"]
[WhiteElo "2225"]
[BlackElo "2135"]

1.d4 Nf6 2.Nf3 e6 3.c4 Bb4+ 4.Bd2 a5 5.e3 b6 6.Bd3 Bb7 7.a3 Bxd2+ 8.Nbxd2 d6
9.O-O Nbd7 10.Qc2 O-O 11.Rad1 Qe7 12.Rfe1 Rfd8 13.Ng5 h6 14.Nge4 Nxe4 15.Nxe4 Qh4
16.f3 e5 17.c5 bxc5 18.dxc5 Nxc5 19.Nxc5 dxc5 20.Rf1 Qe7 21.Qc3 Bd5 22.Rf2 c4
23.Bxc4 Bxc4 24.Rxd8+ Rxd8 25.Qxc4 Rd1+ 26.Rf1 Qd6 27.Qc2 Rd2 28.Qc3 Re2
29.Qxa5 Qg6 30.g4 Qg5 31.Qxc7 Qxe3+ 32.Kh1 g5 33.Qc1 Rd2 34.Qe1 Re2 35.Qc1 Rd2
36.Qe1 Re2  1/2-1/2

[Event "DLM U20"]
[Site "Schoeneck"]
[Date "1996.??.??"]
[Round "5"]
[White "Buhr, Carl Christian"]
[Black "Kitte, Sebastian"]
[Result "1/2-1/2"]
[WhiteElo "2245"]
[BlackElo "2305"]

1.d4 Nf6 2.Nf3 e6 3.c4 Bb4+ 4.Bd2 a5 5.Nc3 d6 6.Qc2 Nbd7 7.a3 Bxc3 8.Bxc3 Qe7
9.g3 O-O 10.Bg2 e5 11.dxe5 Nxe5 12.O-O Re8 13.Nh4 Ng6 14.Nf5 Qe6 15.e4 Ne7
16.Ne3 Ng4 17.Nxg4 Qxg4 18.f4 Nc6 19.b4 Qh5 20.Qf2 Bh3 21.Bxh3 Qxh3 22.b5 Nd8
23.Rae1 Ne6 24.f5 Nc5 25.Qd4 f6 26.Qd5+ Kh8 27.Rf4 Qh5 28.Rh4 Qf3 29.Bxf6 Nd3
30.Bxg7+ Kxg7 31.Rxh7+ Kxh7 32.Qf7+ Kh8 33.Qf6+ Kg8 34.Qg6+ Kh8 35.Qh6+ Kg8
36.Qg6+  1/2-1/2